Gemeinden von Tulln - Statistiken

Allgemein
  • Dieses Quiz wurde 297 mal gespielt
  • Das Durchschnittsergebnis liegt bei 11 aus 22
Antworten auf der Karte
Die Antworten werden auf der Karte rot bzw. grün angezeigt, abhängig davon wie oft sie richtig erraten wurden.
 
Antwortstatistiken
Einwohner Gemeinde % Korrekt
16.230 Tulln an der Donau
96%
27.500 Klosterneuburg
81%
7.836 St. Andrä-Wördern
65%
4.097 Zwentendorf an der Donau
64%
2.150 Absdorf
60%
2.365 Fels am Wagram
56%
7.526 Sieghartskirchen
56%
3.710 Kirchberg am Wagram
54%
2.526 Königstetten
53%
2.435 Langenrohr
53%
2.288 Judenau-Baumgarten
51%
2.299 Zeiselmauer-Wolfpassing
49%
3.109 Atzenbrugg
48%
3.187 Großweikersdorf
46%
3.171 Grafenwörth
44%
3.494 Michelhausen
44%
1.382 Königsbrunn am Wagram
38%
1.484 Würmla
36%
2.240 Sitzenberg-Reidling
34%
2.985 Tulbing
30%
1.663 Muckendorf-Wipfing
29%
916 Großriedenthal
28%
Keine übereinstimmenden Quizze gefunden
Verteilung der Resultate
Anzahl Personen mit jedem Resultat
Perzentil nach korrekt beantworteten Fragen
Ihre Resultats-Entwicklung
Sie haben dieses Quiz noch nicht gespielt